000 01416cad a2200265 4500
001 L158762
008 100215n2015 000 0 eng u
035 _a(Sirsi) u158762
041 _aeng
110 2 _aRoyal Institution of Chartered Surveyors
_94900
245 0 0 _aBuilding Information Modelling and the value dimension
260 _aLondon
_bRICS
_c2015
490 0 _aRICS Research
520 _aAddresses how BIM can support the activities and professional services delivered by property professionals. This report identifies the data types and needs most significant to property professionals? and maps these across the property lifecycle. It then evaluates the extent to which this data is generated in Architecture Engineering and Construction focused BIM deliverables. Following on from this the research looks at issues around training and education for property professionals along with the ways in which BIM can be integrated into property education.
650 2 4 _aBUILDING INFORMATION MODELLING
650 2 4 _aPROPERTY LIFECYCLE
650 2 4 _aDATA GATHERING
650 2 4 _aTRAINING AND EDUCATION
651 4 _aUnited Kingdom
690 _aBIM
_96219
700 1 _aWilkinson, Sara J.
700 1 _aJapp, Julie
856 4 8 _uhttps://www.rics.org/profession-standards/knowledge-and-information-services/document-delivery-and-o
_zemail [email protected] to request a copy
942 _n0
_2ddc
999 _c115495
_d115495